The World Bank, the Grant Program, and the CGIAR : A retrospective review

Spremljeno u:
Bibliografski detalji
Autor kompanije: The World Bank
Format: Knjiga
Jezik:Undetermined
Izdano: Washington, D.C The World Bank 1999
Teme:
Oznake: Dodaj oznaku
Bez oznaka, Budi prvi tko označuje ovaj zapis!
Thư viện lưu trữ: Trung tâm Học liệu Trường Đại học Cần Thơ
LEADER 00606nam a2200205Ia 4500
001 CTU_97451
008 210402s9999 xx 000 0 und d
082 |a 332.1532 
082 |b W927 
110 |a The World Bank 
245 4 |a The World Bank, the Grant Program, and the CGIAR : 
245 2 |b A retrospective review 
245 4 |c The World Bank 
260 |a Washington, D.C 
260 |b The World Bank 
260 |c 1999 
650 |a Economic assistance,Economic development projects 
650 |x Developing countries 
904 |i Minh 
980 |a Trung tâm Học liệu Trường Đại học Cần Thơ